|
|
|
|
| LEADER |
00000ny a22000003n 4500 |
| 005 |
20110622121924.0 |
| 007 |
cr cn|nnn||||| |
| 008 |
011030s1995 sp 000 0 spa d |
| 020 |
|
|
|a 9788471302168
|
| 020 |
|
|
|a 9788471308344
|
| 035 |
|
|
|a 448
|
| 040 |
|
|
|a BUC
|d vLex
|
| 080 |
|
|
|a 347
|x (460)
|x (094.4)
|
| 090 |
|
|
|c 997
|d 997
|
| 245 |
0 |
0 |
|a Comentarios al cd̤igo civil y compilaciones forales
|h [Recurso electrn̤ico]
|c comentados por Ramn̤ Casas Vallš ... [et al.]
|
| 256 |
|
|
|a Servicio en ln̕ea
|
| 260 |
|
|
|a Madrid :
|b Edersa,
|c 1995
|
| 300 |
|
|
|a T. V
|
| 505 |
|
|
|a Tomo V, Vol 4ð-B: Artc̕ulos 428 y 429 del Cd̤igo Civil y Ley de Propiedad Intelectual
|
| 506 |
1 |
|
|a Contenido solo disponible en los productos indicados
|d vLex Global
|d vLex Global (Academic Edition, excluding Law Schools)
|d vLex Global (U.S. Academic Edition, Law Schools)
|d vLex Global (U.S. Academic Edition, excluding Law Schools)
|d vLex Global (Academic Edition, Law Schools)
|
| 530 |
|
|
|a Disponible versin̤ electrn̤ica e impresa
|
| 650 |
0 |
7 |
|a Civil
|2 Tesauro vLex
|
| 650 |
0 |
7 |
|a Cd̤igo civil
|2 Tesauro vLex
|
| 650 |
0 |
7 |
|2 Tesauro vLex
|a Propiedad intelectual
|
| 700 |
1 |
|
|a Albaladejo Garca̕, Manuel,
|e dir.
|
| 700 |
1 |
|
|a Casas Vallš, Ramn̤,
|e com.
|
| 700 |
1 |
|
|a Da̕z Alabart, Silvia,
|e dir.
|
| 710 |
1 |
2 |
|a Espaą.
|t Cd̤igo Civil, 1889
|
| 710 |
1 |
2 |
|a Espaą.
|t Ley de propiedad intelectual, 1987
|
| 740 |
0 |
|
|a vLex Libros (Servicios en ln̕ea)
|
| 856 |
4 |
0 |
|z Acceso restringido
|u http://vlex.com/source/448
|
| 942 |
|
|
|c BOOK
|